000 00542nam a2200169 a 4500
005 20140412111326.0
008 110128s19uu xx 00 eng d
020 _a0-8039-6312-2
050 _aTR(GS 375.00973
_bC395 1996
100 _aCosta, Arthur - Editor
245 _aSupporting the spirit of learning :
_bwhen process is content /
_cArthur L. Costa.
260 _aCalifornia :
_bCornwin,
_c1996.
300 _a229p.
500 _aIncludes bibliographical references and index
650 _aEducation - united states
999 _c104669
_d104669